| 000 | 00000nam 2200000zi 4500 |
| 001 | 9.946894 |
| 003 | CaOODSP |
| 005 | 20250115132649 |
| 006 | m o d f |
| 007 | cr gn||||||||| |
| 008 | 250115t19951995oncad o f001 0 fre d |
| 020 | |z0660963949 |
| 040 | |aCaOODSP|bfre|erda|cCaOODSP |
| 043 | |an-cn--- |
| 086 | 1 |aNR35-21/2000F-PDF|zNR35-21/2000F |
| 245 | 00|aCode national de la plomberie - Canada 1995 / |cpublié par la Commission canadienne des codes du bâtiment et de prévention des incendies, Conseil national de recherches du Canada. |
| 250 | |aSeptième édition. |
| 264 | 1|aOttawa : |bConseil national de recherches du Canada, |c1995. |
| 264 | 4|c©1995 |
| 300 | |a1 ressource en ligne (1 volume (pagination multiple)) : |billustrations, graphiques |
| 336 | |atexte|btxt|2rdacontent/fre |
| 337 | |ainformatique|bc|2rdamedia/fre |
| 338 | |aressource en ligne|bcr|2rdacarrier/fre |
| 500 | |aTitre de la couverture. |
| 500 | |aPublié aussi en anglais sous le titre : National Plumbing Code of Canada 1995. |
| 500 | |aÉdition numérisée de l’imprimé [par Conseil national de recherches Canada]. |
| 500 | |a« Troisième impression. » |
| 500 | |a« Comprend les modifications et les errata d’août 1999 et de mars 2002. » |
| 500 | |a« Première édition 1970, deuxième édition 1975, troisième édition 1977, quatrième édition 1980, cinquième édition 1985, sixième édition 1990. » |
| 500 | |aComprend un index. |
| 520 | |a« Le Code national de la plomberie – Canada 1995 (CNP) contient les exigences relatives à la conceptionet à la réalisation des installations de plomberie. Des explications et des schémas viennent compléter le CNP proprement dit qui ne contient que les exigences. À l’annexe A, la première ligne de chaque article est imprimée en caractères gras et fait référence à la définition ou à l’exigence à laquelle s’applique le texte ou le schéma. Ces articles sont classés par ordre alphabétique ou numérique pour permettre de les retrouver plus facilement » -- Préface, page v. |
| 650 | 6|aPlomberie|xDroit|zCanada|vCodes. |
| 650 | 6|aPlomberie|xNormes|zCanada. |
| 710 | 2 |aCommission canadienne des codes du bâtiment et de prévention des incendies, |eorganisme de publication. |
| 775 | 08|tNational Plumbing Code of Canada 1995 / |w(CaOODSP)9.946887 |
| 794 | |tCode national de la plomberie - Canada 2005 / |w(CaOODSP)9.946769 |
| 795 | |tCode canadien de la plomberie 1990.|w(CaOODSP)9.946037 |
| 856 | 40|qPDF|s2.00 Mo|uhttps://publications.gc.ca/collections/collection_2025/cnrc-nrc/NR35-21-2000-fra.pdf |
| 986 | |aCNRC 38728F |